Score 0/8 Timer 08:00
0 Plays Today
% Correct
Bowl'd Peanuts
100%
Gutterglory
100%
E-Bowla
50%
Werewolf Splitzers
33.3%
Pin Pricks
16.7%
Sparely Legal
16.7%
The Boom Kings
16.7%
Valley of the Balls
0%
Remove Ads.
Support Sporcle.
Get the best of Sporcle when you Go Orange. This ad-free experience offers more features, more stats, and more fun while also helping to support Sporcle. Thank you for becoming a member.

You're not logged in!

Compare scores with friends on all Sporcle quizzes.
OR
Log In

Show Comments

Extras

Top Quizzes Today


Score Distribution

Your Account Isn't Verified!

In order to create a playlist on Sporcle, you need to verify the email address you used during registration. Go to your Sporcle Settings to finish the process.

Report this User

Report this user for behavior that violates our Community Guidelines.

Details: